000 01021nam a22003497a 4500
003 CHAP
005 20220817043001.0
008 971013s1991 r 00010 d
010 _a61873
011 _a62845
035 _a67021
040 _cCHAP
082 _a635.9
_bG8Y
100 0 0 _aGuedj, Marcel.
_951093
245 _aTrucos del jardinero
260 _aMadrid :
_bSusaeta,
_c1991
300 _a93 p.
_b: ilus.
490 _aJardinería práctica
590 _aBATCH-UPD
_b10
_c20130110
_lUCH01
_h0625
590 _aBATCH-UPD
_b10
_c20130410
_lUCH01
_h0308
590 _aBATCH-UPD
_b10
_c20130914
_lUCH01
_h1420
590 _aCONVERSION
_b10
_c20130109
_lUCH01
_h1333
650 1 4 _aFloricultura.
_941822
650 1 4 _aFruticultura.
_943684
650 1 4 _aHorticultura.
_956291
650 1 4 _aJardinería.
_961143
650 1 4 _aPlantas ornamentales.
830 0 _aJardinería práctica
_961146
901 _aBK
942 _cLIBRO
949 _a635.9 G8Y
_bBC
_cC
_d33724000641767
_eC
_gI.c./e
_h91330
_i67021
_si
_t46.00
999 _c61873
_d61873